[Event "Lazy PERLA BALTYKU"]
[Site "Lazy"]
[Date "2016.07.04"]
[Round "8.9"]
[White "Krainski, Slawomir"]
[Black "Karpus, Michal"]
[Result "0-1"]
[WhiteElo "2146"]
[BlackElo "2179"]
[PlyCount "78"]
[EventDate "2016.??.??"]

1. e4 c5 2. Nf3 e6 3. Nc3 d6 4. d4 cxd4 5. Nxd4 Nf6 6. g4 h6 7. h4 a6 8. Bg2 e5
9. Nf5 g6 10. Ne3 Be6 11. g5 hxg5 12. hxg5 Rxh1+ 13. Bxh1 Nfd7 14. Ned5 Nc6 15.
Be3 Rc8 16. Na4 Bxd5 17. exd5 Nd4 18. Nc3 Nf5 19. Qd2 Nxe3 20. Qxe3 Be7 21. Qh3
Bxg5 22. Ne4 Qe7 23. c3 Kd8 24. Ke2 Kc7 25. Rg1 Bf4 26. Qh7 Re8 27. Nd2 Nf6 28.
Qh3 e4 29. Rd1 e3 30. fxe3 Bxe3 31. Kd3 Bxd2 32. Rxd2 Ne4 33. Rh2 Nc5+ 34. Kc2
Qe1 35. Bf3 Qa1 36. Re2 Rxe2+ 37. Bxe2 Qxa2 38. Qf3 Qa4+ 39. Kb1 Qe4+ 0-1

[Event "Lazy PERLA BALTYKU"]
[Site "Lazy"]
[Date "2016.07.04"]
[Round "8.10"]
[White "Zaleski, Lukasz"]
[Black "Chomczyk, Marek"]
[Result "1-0"]
[WhiteElo "2080"]
[BlackElo "2167"]
[PlyCount "87"]
[EventDate "2016.??.??"]

1. e4 e5 2. Nf3 Nc6 3. Bc4 Bc5 4. Nc3 Nf6 5. d3 d6 6. Bg5 h6 7. Bxf6 Qxf6 8.
Nd5 Qd8 9. c3 Bb6 10. Bb3 O-O 11. O-O Ne7 12. Nxb6 axb6 13. d4 Ng6 14. h3 Qf6
15. dxe5 dxe5 16. Nh2 Nf4 17. Qf3 Rd8 18. Rfd1 Be6 19. Rxd8+ Rxd8 20. Rd1 Qg5
21. Rxd8+ Qxd8 22. Bxe6 Nxe6 23. Ng4 f6 24. Ne3 c6 25. Qg4 Kf7 26. Qh5+ Kf8 27.
Qg4 Qe8 28. Nf5 h5 29. Qd1 g6 30. Qd6+ Kf7 31. Ne3 Qd8 32. Qxd8 Nxd8 33. a4 Ke7
34. Nc4 b5 35. axb5 cxb5 36. Na3 b4 37. cxb4 Nc6 38. Nc2 f5 39. f3 Nd4 40. Nxd4
exd4 41. Kf2 Kd6 42. Ke2 Ke5 43. Kd3 b5 44. h4 1-0

[Event "Lazy PERLA BALTYKU"]
[Site "LAZY"]
[Date "2016.07.04"]
[Round "8.11"]
[White "Garbowski, Jakub"]
[Black "Nowak, Kamil"]
[Result "1/2-1/2"]
[WhiteElo "2102"]
[BlackElo "2313"]
[PlyCount "171"]
[EventDate "2016.??.??"]

1. e4 c5 2. Nf3 d6 3. d4 cxd4 4. Nxd4 Nf6 5. Nc3 e6 6. Be2 Be7 7. O-O O-O 8.
Be3 Nc6 9. f4 a6 10. Kh1 Qc7 11. Qe1 Nxd4 12. Bxd4 b5 13. a3 Bb7 14. Qg3 Kh8
15. Bd3 Rg8 16. e5 Rad8 17. Qh3 dxe5 18. Bxe5 Qb6 19. Rad1 h6 20. f5 exf5 21.
Bxf5 Qc5 22. Rde1 Rd2 23. Ne4 Bxe4 24. Rxe4 Rf2 25. Rfe1 Qxc2 26. Bc3 Rxf5 27.
Rxe7 Rf8 28. Qg3 Qf2 29. Qxf2 Rxf2 30. Kg1 Rc2 31. Ra7 Nd5 32. Rxa6 Nxc3 33.
bxc3 Rxc3 34. Rb6 Rxa3 35. Rxb5 Ra6 36. Rbe5 Rf6 37. Re8 Rxe8 38. Rxe8+ Kh7 39.
Re3 g5 40. h3 Kg6 41. Ra3 h5 42. Ra8 Rb6 43. Kf2 Rb2+ 44. Kf3 Rb3+ 45. Kf2 h4
46. Ra4 f6 47. Ra8 Rb4 48. Kf3 Rf4+ 49. Ke3 Rb4 50. Kf3 Rb3+ 51. Kf2 Rg3 52.
Ra4 Rb3 53. Ra8 Rb4 54. Kf3 Rb3+ 55. Kf2 Rg3 56. Ra4 f5 57. Ra6+ Kh5 58. Ra5 f4
59. Rf5 Ra3 60. Rf8 Ra5 61. Kf3 Ra3+ 62. Kf2 Kg6 63. Ke2 Kg7 64. Rf5 Kg6 65.
Rf8 Ra5 66. Kf3 Kg7 67. Rb8 Ra3+ 68. Kf2 Kf6 69. Rb6+ Kf5 70. Rb8 Rg3 71. Rb5+
Ke4 72. Rb4+ Kd3 73. Rb5 Kd2 74. Rd5+ Kc3 75. Rf5 Kd4 76. Rf8 Ke4 77. Re8+ Kf5
78. Rf8+ Kg6 79. Kf1 f3 80. Rxf3 Rxf3+ 81. gxf3 Kf5 82. Kg1 Ke5 83. Kf1 Kd4 84.
Ke2 Ke5 85. Ke3 Kf5 86. Ke2 1/2-1/2

[Event "Lazy PERLA BALTYKU"]
[Site "LAZY"]
[Date "2016.07.04"]
[Round "8.12"]
[White "Szpar, Milosz"]
[Black "Budrewicz, Krzysztof"]
[Result "1/2-1/2"]
[WhiteElo "1943"]
[BlackElo "2217"]
[PlyCount "77"]
[EventDate "2016.??.??"]

1. e4 d5 2. exd5 Nf6 3. Nf3 Nxd5 4. d4 g6 5. c4 Nb6 6. Nc3 Bg7 7. c5 Nd5 8. Bc4
c6 9. Qb3 O-O 10. O-O Nxc3 11. bxc3 b5 12. cxb6 axb6 13. Re1 Ba6 14. Bg5 Bxc4
15. Qxc4 Re8 16. Qb3 Nd7 17. Rad1 h6 18. Bh4 Ra5 19. c4 g5 20. Bg3 Qa8 21. Ne5
Ra3 22. Qb1 Nxe5 23. Bxe5 Rxa2 24. Qxb6 Qa4 25. Bxg7 Kxg7 26. d5 cxd5 27. cxd5
Qf4 28. g3 Qf6 29. Qe3 Ra6 30. Rd4 Rd6 31. Re4 Kf8 32. Qc5 Red8 33. Re5 R8d7
34. Qc8+ Kg7 35. Qe8 Rxd5 36. Rxd5 Rxd5 37. Qxe7 Qf5 38. Qe4 Qd7 39. Qe7
1/2-1/2

[Event "Lazy PERLA BALTYKU"]
[Site "LAZY"]
[Date "2016.07.04"]
[Round "8.13"]
[White "Kubicka, Anna"]
[Black "Zaninotto, Franco"]
[Result "1/2-1/2"]
[WhiteElo "2171"]
[BlackElo "2127"]
[PlyCount "127"]
[EventDate "2016.??.??"]

1. d4 Nf6 2. c4 g6 3. Nc3 Bg7 4. e4 d6 5. Nf3 O-O 6. Be2 c5 7. O-O cxd4 8. Nxd4
Nc6 9. Be3 Nxd4 10. Bxd4 Bd7 11. f3 a5 12. b3 Bc6 13. Rb1 Nd7 14. Qd2 Bxd4+ 15.
Qxd4 Qb6 16. Qxb6 Nxb6 17. Rfd1 Nd7 18. Nd5 Bxd5 19. Rxd5 f5 20. exf5 Rxf5 21.
Rxf5 gxf5 22. f4 Nc5 23. Rd1 Kf7 24. Rd5 Kf6 25. Bd3 Nxd3 26. Rxd3 Rc8 27. h3
a4 28. Rd5 axb3 29. axb3 Rc6 30. Rb5 b6 31. Kf2 h5 32. Kf3 e6 33. g4 hxg4+ 34.
hxg4 fxg4+ 35. Kxg4 Kg6 36. Kf3 Kf6 37. Ke4 Ke7 38. Kd4 Kd7 39. b4 e5+ 40. fxe5
dxe5+ 41. Rxe5 Rh6 42. Rg5 Kd6 43. Rg4 Kc6 44. b5+ Kd6 45. Kc3 Rh7 46. Rg6+ Kc7
47. Re6 Rd7 48. Re5 Rh7 49. Kd4 Rd7+ 50. Kc3 Rh7 51. Rg5 Rd7 52. Kb4 Rh7 53.
Rg4 Rf7 54. Rg6 Rh7 55. Re6 Rg7 56. Re4 Rh7 57. Rf4 Rg7 58. c5 bxc5+ 59. Ka5
Kb7 60. Rf6 c4 61. Rb6+ Ka7 62. Rc6 Rb7 63. Rxc4 Rg7 64. Rh4 1/2-1/2

[Event "Lazy PERLA BALTYKU"]
[Site "LAZY"]
[Date "2016.07.04"]
[Round "8.14"]
[White "Smieszek, Wojciech"]
[Black "Sliwicka, Alicja"]
[Result "1-0"]
[WhiteElo "2137"]
[BlackElo "2041"]
[PlyCount "57"]
[EventDate "2016.??.??"]

1. e4 c5 2. Nf3 e6 3. d4 cxd4 4. Nxd4 a6 5. Bd3 Nf6 6. Nc3 Qc7 7. O-O b5 8. Bd2
Bb7 9. Qe2 d6 10. b4 Nbd7 11. a4 bxa4 12. Rxa4 Nb6 13. Ra5 d5 14. Rb1 Be7 15.
exd5 Nfxd5 16. Nxd5 Bxd5 17. Rxa6 O-O 18. b5 Bf6 19. Qg4 Rxa6 20. bxa6 Nc4 21.
Bf4 e5 22. Qf5 g6 23. Qxf6 exf4 24. Nf5 gxf5 25. Qg5+ Kh8 26. Qxf5 f6 27. Qxd5
Na5 28. h3 Rg8 29. Rb5 1-0

[Event "Lazy PERLA BALTYKU"]
[Site "LAZY"]
[Date "2016.07.04"]
[Round "8.15"]
[White "Kozak, Antoni"]
[Black "Kowalski, Igor"]
[Result "1-0"]
[WhiteElo "1981"]
[BlackElo "2131"]
[PlyCount "67"]
[EventDate "2016.??.??"]

1. e4 e6 2. d4 d5 3. Nc3 Bb4 4. e5 Ne7 5. a3 Bxc3+ 6. bxc3 c5 7. Qg4 Kf8 8. Qd1
b6 9. a4 Ba6 10. Bb5 Bxb5 11. axb5 Qc7 12. Ne2 Nd7 13. O-O h6 14. Nf4 Kg8 15.
Qd3 Rc8 16. Ba3 Qb7 17. g4 h5 18. Nxh5 Qc7 19. f4 Rxh5 20. gxh5 Nf5 21. Rf3 Qd8
22. Rh3 f6 23. c4 cxd4 24. cxd5 Rc3 25. Qf1 Ne3 26. Rxe3 dxe3 27. dxe6 Nc5 28.
Bxc5 Rxc5 29. Rd1 Qe8 30. Qg2 e2 31. Qxe2 Qxe6 32. Rd8+ Kh7 33. Qe4+ f5 34. Qa8
1-0

[Event "Lazy PERLA BALTYKU"]
[Site "LAZY"]
[Date "2016.07.04"]
[Round "8.16"]
[White "Antolak, Julia"]
[Black "Wacior, Maciej"]
[Result "1/2-1/2"]
[WhiteElo "2073"]
[BlackElo "2037"]
[PlyCount "66"]
[EventDate "2016.??.??"]

1. e4 c6 2. d4 d5 3. Nc3 dxe4 4. Nxe4 Bf5 5. Ng3 Bg6 6. h4 h6 7. Nf3 Nd7 8. h5
Bh7 9. Bd3 Bxd3 10. Qxd3 Ngf6 11. Bd2 Qc7 12. O-O-O O-O-O 13. Ne4 e6 14. Kb1
Nc5 15. Nxc5 Bxc5 16. g3 Kb8 17. Qe2 Bd6 18. c4 c5 19. dxc5 Qxc5 20. Be3 Qf5+
21. Ka1 Bc7 22. Nd4 Qa5 23. Rd3 Kc8 24. Ra3 Qe5 25. Rxa7 Rxd4 26. Ra8+ Bb8 27.
Rxb8+ Qxb8 28. Bxd4 Rd8 29. Bc3 Qc7 30. Qe3 Qc6 31. f3 Nxh5 32. g4 Nf6 33. a3
Nxg4 1/2-1/2

[Event "Lazy PERLA BALTYKU"]
[Site "LAZY"]
[Date "2016.07.04"]
[Round "8.17"]
[White "Swicarz, Maciej"]
[Black "Jedrocha, Katarzyna"]
[Result "1/2-1/2"]
[WhiteElo "2292"]
[BlackElo "1948"]
[PlyCount "33"]
[EventDate "2016.??.??"]

1. e4 c5 2. Nf3 d6 3. d4 cxd4 4. Nxd4 Nf6 5. Nc3 a6 6. Be3 e5 7. Nb3 Be7 8. f3
Be6 9. Qd2 O-O 10. O-O-O Qc7 11. g4 Rc8 12. Kb1 d5 13. exd5 Nxd5 14. Nxd5 Bxd5
15. Be2 a5 16. Nc1 Be6 17. Bd3 1/2-1/2

[Event "Lazy PERLA BALTYKU"]
[Site "LAZY"]
[Date "2016.07.04"]
[Round "8.18"]
[White "Godzwon, Iwo"]
[Black "Sliwicki, Damian"]
[Result "0-1"]
[WhiteElo "1884"]
[BlackElo "2242"]
[PlyCount "108"]
[EventDate "2016.??.??"]

1. e4 c5 2. Nf3 e6 3. d4 cxd4 4. Nxd4 Nc6 5. Be2 Qc7 6. O-O a6 7. Be3 Nf6 8.
Nc3 Bb4 9. Nxc6 bxc6 10. Qd3 a5 11. Bd2 Ba6 12. Qe3 Bxe2 13. Qxe2 e5 14. a3 Be7
15. Bg5 O-O 16. Rad1 Rfd8 17. Rd3 Rab8 18. b3 d6 19. Rfd1 h6 20. Bxf6 Bxf6 21.
Qg4 g6 22. h4 h5 23. Qf3 Bxh4 24. g3 Be7 25. Kg2 Rf8 26. g4 hxg4 27. Qxg4 Kg7
28. Rh1 Qc8 29. Qe2 Qe6 30. Rdh3 Rh8 31. Rxh8 Rxh8 32. Rxh8 Kxh8 33. Qf3 Kg7
34. a4 Qf6 35. Qg3 Bd8 36. Qe3 Qh4 37. Ne2 f5 38. exf5 gxf5 39. Ng3 f4 40. Nf5+
Kg8 41. Qh3 Qxh3+ 42. Kxh3 d5 43. Kg4 Kf7 44. c3 Ke6 45. Nh6 c5 46. Kf3 Bg5 47.
Ng4 Kf5 48. Nh2 d4 49. cxd4 cxd4 50. Ke2 e4 51. f3 Be7 52. Ng4 d3+ 53. Kf2 Bc5+
54. Ke1 e3 0-1

[Event "Lazy PERLA BALTYKU"]
[Site "LAZY"]
[Date "2016.07.04"]
[Round "8.19"]
[White "Sciborowski, Miroslaw"]
[Black "Mazalon, Mariusz"]
[Result "1/2-1/2"]
[WhiteElo "2003"]
[BlackElo "2083"]
[PlyCount "20"]
[EventDate "2016.??.??"]

1. d4 d5 2. Nf3 c6 3. g3 Nf6 4. Bg2 g6 5. O-O Bg7 6. c4 O-O 7. cxd5 cxd5 8. Nc3
Nc6 9. Bf4 Bf5 10. Rc1 Ne4 1/2-1/2

[Event "Lazy PERLA BALTYKU"]
[Site "LAZY"]
[Date "2016.07.04"]
[Round "8.20"]
[White "Franckowski, Janusz"]
[Black "Dmochowska, Agnieszka"]
[Result "1-0"]
[WhiteElo "2001"]
[BlackElo "2059"]
[PlyCount "145"]
[EventDate "2016.??.??"]

1. d4 Nf6 2. Nf3 e6 3. g3 c5 4. c4 cxd4 5. Nxd4 d5 6. Bg2 Nc6 7. O-O Be7 8. Nc3
O-O 9. a3 a5 10. cxd5 exd5 11. h3 Re8 12. Be3 Ne5 13. Bf4 Ng6 14. Bg5 Ne4 15.
Bxe7 Rxe7 16. Rc1 Nxc3 17. Rxc3 Be6 18. Qb3 Ne5 19. Rd1 a4 20. Qc2 Qb6 21. e4
dxe4 22. Nxe6 Qxe6 23. Qxe4 g6 24. Qb4 Ra6 25. Rd8+ Kg7 26. Rcc8 g5 27. Rg8+
Kf6 28. Rxg5 Nf3+ 29. Bxf3 Qe1+ 30. Qxe1 Rxe1+ 31. Kg2 Kxg5 32. Rc5+ Kf6 33.
Bxb7 Rb6 34. Bc6 Rxb2 35. Rc4 Rb3 36. Rxa4 Ra1 37. Rf4+ Kg7 38. Bd5 Rbxa3 39.
Rxf7+ Kg6 40. Rf4 h5 41. Be4+ Kg7 42. Bf3 Ra5 43. Rh4 Kg6 44. Rd4 Ra6 45. Rd5
R1a5 46. Bxh5+ Kh6 47. Rxa5 Rxa5 48. Be8 Ra3 49. h4 Rc3 50. g4 Rd3 51. f3 Re3
52. Bc6 Re1 53. Kg3 Rg1+ 54. Kf4 Rh1 55. h5 Rc1 56. Be8 Rc5 57. Bg6 Ra5 58. Be4
Ra3 59. Bg6 Ra5 60. Be8 Rc5 61. Bd7 Ra5 62. Ke4 Ra7 63. Be6 Ra4+ 64. Kf5 Ra5+
65. Kf6 Ra4 66. g5+ Kh7 67. Bf5+ Kh8 68. g6 Ra7 69. h6 Rf7+ 70. Kg5 Re7 71. Kf6
Rf7+ 72. Ke5 Re7+ 73. Be6 1-0

[Event "Lazy PERLA BALTYKU"]
[Site "LAZY"]
[Date "2016.07.04"]
[Round "8.21"]
[White "Nowak, Maciej"]
[Black "Lebiedowicz, Borys"]
[Result "1/2-1/2"]
[WhiteElo "2007"]
[BlackElo "2002"]
[PlyCount "66"]
[EventDate "2016.??.??"]

1. d4 d5 2. c4 dxc4 3. Nf3 Nf6 4. e3 e6 5. Bxc4 a6 6. a4 c5 7. O-O Qc7 8. Qe2
Be7 9. Nc3 O-O 10. dxc5 Bxc5 11. e4 Nc6 12. Bg5 Ng4 13. g3 Qb6 14. Bf4 e5 15.
Nd5 Qa5 16. Bd2 Qd8 17. Rad1 Nd4 18. Nxd4 Bxd4 19. b3 h6 20. a5 Nf6 21. Bb4
Nxd5 22. Bxd5 Re8 23. Bc5 Qxa5 24. Bxd4 exd4 25. Rxd4 Qb6 26. Qd2 a5 27. Ra1
Be6 28. Rda4 Bxd5 29. exd5 Qxb3 30. Rxa5 Rxa5 31. Rxa5 Qb1+ 32. Kg2 Qe4+ 33.
Kg1 Qb1+ 1/2-1/2

[Event "Lazy PERLA BALTYKU"]
[Site "LAZY"]
[Date "2016.07.04"]
[Round "8.22"]
[White "Konieczynski, Piotr"]
[Black "Kokoszczynski, Jan"]
[Result "1-0"]
[WhiteElo "1973"]
[BlackElo "1921"]
[PlyCount "134"]
[EventDate "2016.??.??"]

1. d4 Nf6 2. Nf3 e6 3. c4 d5 4. Nc3 Bb4 5. Qa4+ Nc6 6. e3 O-O 7. Bd3 dxc4 8.
Bxc4 a6 9. O-O Qe7 10. a3 Bd6 11. e4 e5 12. Be2 Bd7 13. dxe5 Nxe5 14. Qc2 Nxf3+
15. Bxf3 Rfe8 16. Re1 Bc6 17. Bd2 Be5 18. g3 Rad8 19. Rac1 h6 20. Bg2 Bd4 21.
Nd5 Qd6 22. Bf4 Be5 23. Bxe5 Qxe5 24. Nxf6+ Qxf6 25. Rcd1 Rxd1 26. Rxd1 Rd8 27.
Re1 Qd4 28. h4 Qd2 29. Rc1 Qxc2 30. Rxc2 Rd1+ 31. Kh2 Kf8 32. f4 Rd4 33. Re2
Ke7 34. Kg1 Bb5 35. Rc2 c6 36. e5 Ba4 37. Re2 Bd1 38. Re4 Rxe4 39. Bxe4 Kd7 40.
b4 b6 41. Kf2 Bb3 42. Ke3 c5 43. bxc5 bxc5 44. Kd3 f6 45. Kc3 Ba2 46. exf6 gxf6
47. Bd3 a5 48. Bc4 Bb1 49. Bd3 Ba2 50. g4 Kd6 51. Be4 Ke7 52. Bd3 Be6 53. Be2
Ba2 54. Bc4 Bb1 55. Kb3 Be4 56. Ka4 Kd6 57. Kxa5 Bc2 58. Kb5 h5 59. gxh5 Be4
60. h6 Ke7 61. Kxc5 Kf8 62. a4 Bb7 63. a5 f5 64. a6 Bxa6 65. Bxa6 Kf7 66. h5
Kg8 67. Kd6 Kh7 1-0

[Event "Lazy PERLA BALTYKU"]
[Site "LAZY"]
[Date "2016.07.04"]
[Round "8.23"]
[White "Katafiasz, Tomasz"]
[Black "Marczuk, Anna"]
[Result "0-1"]
[WhiteElo "1888"]
[BlackElo "1931"]
[PlyCount "96"]
[EventDate "2016.??.??"]

1. Nf3 d6 2. d4 f5 3. g3 Nf6 4. Bg2 g6 5. O-O Bg7 6. c4 O-O 7. Nc3 e6 8. Rb1
Nbd7 9. b4 e5 10. Qb3 h6 11. dxe5 dxe5 12. Rd1 Qe7 13. e4 Nxe4 14. Nxe4 fxe4
15. Nh4 Qf7 16. c5 Nf6 17. Qxf7+ Kxf7 18. Bf1 Be6 19. Bb2 g5 20. Ng2 Bxa2 21.
Ra1 Bb3 22. Re1 Rfe8 23. Ra3 Bd5 24. Ne3 c6 25. Nc4 Bxc4 26. Bxc4+ Kg6 27. Rd1
a6 28. h3 h5 29. Re3 Kf5 30. Be2 g4 31. Bf1 Red8 32. Rde1 Bh6 33. Rb3 Rd7 34.
hxg4+ hxg4 35. f4 exf4 36. Bxf6 Kxf6 37. gxf4 Kf5 38. Bg2 Rd4 39. Rbb1 Bxf4 40.
Rf1 Ke5 41. Rfe1 e3 42. Rb3 Rad8 43. Rbb1 Rd2 44. Bf1 Rc2 45. Be2 Rdd2 46. Kf1
Bg3 47. Bxg4 Bxe1 48. Kxe1 e2 0-1

[Event "Lazy PERLA BALTYKU"]
[Site "LAZY"]
[Date "2016.07.04"]
[Round "8.24"]
[White "Kicinski, Jacek"]
[Black "Korpalski, Maciej"]
[Result "1-0"]
[WhiteElo "1998"]
[BlackElo "1968"]
[PlyCount "75"]
[EventDate "2016.??.??"]

1. e4 c5 2. c3 d5 3. exd5 Qxd5 4. d4 Nc6 5. Nf3 Bf5 6. Be2 Bxb1 7. Rxb1 cxd4 8.
cxd4 e6 9. O-O Nf6 10. a3 Be7 11. b4 a6 12. Bb2 O-O 13. Rc1 Rfd8 14. Re1 Rac8
15. Bc4 Qd6 16. Ng5 Nxd4 17. Nxf7 Kxf7 18. Qxd4 Qxd4 19. Bxd4 Rxc4 20. Rxc4 b5
21. Rc6 Rxd4 22. Rcxe6 Bd6 23. g3 Nd7 24. Re8 Nb6 25. R8e3 g6 26. Rf3+ Kg7 27.
Kg2 Nc4 28. Re8 Rd2 29. Ra8 a5 30. Ra7+ Kh6 31. Rff7 axb4 32. h4 g5 33. Rf6+
Kh5 34. Kh3 gxh4 35. gxh4 h6 36. Rh7 Rd3+ 37. f3 Rd2 38. Rhxh6# 1-0

[Event "Lazy PERLA BALTYKU"]
[Site "LAZY"]
[Date "2016.07.04"]
[Round "8.25"]
[White "Dombrowski, Bartosz"]
[Black "Frej, Zofia"]
[Result "1/2-1/2"]
[WhiteElo "1913"]
[BlackElo "1929"]
[PlyCount "36"]
[EventDate "2016.??.??"]

1. e4 e6 2. d4 d5 3. Nc3 dxe4 4. Nxe4 Nd7 5. Nf3 Ngf6 6. Nxf6+ Nxf6 7. Bg5 c5
8. Bb5+ Bd7 9. Bxd7+ Qxd7 10. O-O cxd4 11. Bxf6 gxf6 12. Nxd4 O-O-O 13. c3 Rg8
14. Qf3 Qd5 15. Rfd1 Qxf3 16. Nxf3 Bc5 17. Kf1 Kc7 18. h3 h5 1/2-1/2

[Event "Lazy PERLA BALTYKU"]
[Site "Lazy"]
[Date "2016.07.05"]
[Round "9.1"]
[White "Stupak, Kirill"]
[Black "Kosakowski, Jakub"]
[Result "1-0"]
[WhiteElo "2555"]
[BlackElo "2122"]
[PlyCount "61"]
[EventDate "2016.??.??"]

1. c4 e5 2. g3 Nf6 3. Bg2 d5 4. cxd5 Nxd5 5. Nc3 Nb6 6. e3 Nc6 7. Nge2 Be7 8.
O-O O-O 9. f4 exf4 10. Nxf4 Re8 11. d4 Bf8 12. b3 g6 13. Qf3 Bg7 14. Kh1 Ne7
15. Bb2 Nf5 16. Rfe1 a5 17. a4 h5 18. Qf2 h4 19. g4 Nd6 20. h3 f5 21. g5 Qxg5
22. Rg1 Qe7 23. Ncd5 Qf7 24. Nxb6 cxb6 25. Nxg6 Ne4 26. Bxe4 Rxe4 27. Nf4 Kf8
28. d5 Bf6 29. Rac1 Bd7 30. Bxf6 Qxf6 31. Rg6 1-0

[Event "Lazy PERLA BALTYKU"]
[Site "Lazy"]
[Date "2016.07.05"]
[Round "9.2"]
[White "Kaczmarek, Aleksander"]
[Black "Shishkin, Vadim"]
[Result "1-0"]
[WhiteElo "2325"]
[BlackElo "2459"]
[PlyCount "121"]
[EventDate "2016.??.??"]

1. e4 c5 2. b3 Nc6 3. Bb2 e5 4. Bc4 Nf6 5. Nc3 Nxe4 6. Nxe4 d5 7. Bd3 dxe4 8.
Bxe4 Bd6 9. Qh5 Qe7 10. Ne2 Bd7 11. O-O-O O-O-O 12. Qf3 g6 13. g4 Rhf8 14. Rhg1
f5 15. gxf5 gxf5 16. Bd5 Kb8 17. d3 Be8 18. Rde1 Qc7 19. Nc3 Nd4 20. Qh3 e4 21.
dxe4 Bxh2 22. Rg2 Bf4+ 23. Kb1 Bg6 24. f3 Rfe8 25. a3 Qa5 26. Rf1 Bc7 27. Rg5
Rf8 28. Qh1 b5 29. exf5 Rxf5 30. Rxf5 Nxf5 31. Be4 Ng3 32. Qg1 Nxf1 33. Qxf1 b4
34. Nd5 Rxd5 35. Bxd5 bxa3 36. Bg7 a2+ 37. Ka1 Bxc2 38. Qe2 Bg6 39. Qe6 Qb5 40.
Kxa2 a5 41. Bc6 Qd3 42. Qg8+ Qd8 43. Qc4 Qd2+ 44. Bb2 Qd3 45. Qxc5 Qb1+ 46. Ka3
Qf5 47. Qd4 Qf8+ 48. Ka2 Qd6 49. Qh8+ Qd8 50. Qc3 Qd3 51. Qc5 Kc8 52. Bd5 Qb1+
53. Ka3 Qf5 54. Qc6 Qf8+ 55. Ka2 Qd6 56. Qb5 Kd8 57. Bc4 Kc8 58. f4 Qxf4 59.
Qa6+ Kb8 60. Bd5 Qb4 61. Qa8# 1-0

[Event "Lazy PERLA BALTYKU"]
[Site "Lazy"]
[Date "2016.07.05"]
[Round "9.3"]
[White "Mielczarski, Miroslaw"]
[Black "Jarmula, Lukasz"]
[Result "0-1"]
[WhiteElo "2107"]
[BlackElo "2447"]
[PlyCount "95"]
[EventDate "2016.??.??"]

1. c4 Nf6 2. Nc3 g6 3. Nf3 Bg7 4. d4 O-O 5. e3 c5 6. dxc5 Na6 7. Rb1 Nxc5 8. b4
Nfe4 9. Nxe4 Nxe4 10. Qc2 Bc3+ 11. Nd2 d5 12. Bd3 Bf5 13. c5 a5 14. a3 axb4 15.
axb4 Bxd2+ 16. Bxd2 Ra3 17. Rb3 Rxb3 18. Qxb3 Nxd2 19. Kxd2 Qd7 20. Ra1 Bxd3
21. Qxd3 Qg4 22. Qxd5 Qxb4+ 23. Kd1 Qb2 24. Ra2 Qb5 25. Ke1 Rc8 26. Rc2 b6 27.
Qc4 Qc6 28. Qa6 Kg7 29. Ke2 f6 30. f3 h5 31. Kf2 Rc7 32. Rb2 bxc5 33. Qxc6 Rxc6
34. Ke2 c4 35. Ra2 h4 36. Rc2 Rc5 37. Kd2 Rd5+ 38. Ke2 Rg5 39. Kf2 Rc5 40. Ke2
Kf7 41. e4 Kg7 42. Kd2 h3 43. g3 Ra5 44. Rxc4 g5 45. Rc2 Kg6 46. Ke3 Ra3+ 47.
Kf2 g4 48. fxg4 0-1

[Event "Lazy PERLA BALTYKU"]
[Site "Lazy"]
[Date "2016.07.05"]
[Round "9.4"]
[White "Lewtak, Damian"]
[Black "Bilguun, Sumiya"]
[Result "1/2-1/2"]
[WhiteElo "2323"]
[BlackElo "2395"]
[PlyCount "79"]
[EventDate "2016.??.??"]

1. e4 c5 2. Nf3 e6 3. d4 cxd4 4. Nxd4 a6 5. Bd3 Qb6 6. c3 Qc7 7. Qe2 d6 8. O-O
Nf6 9. c4 g6 10. f4 Bg7 11. Kh1 O-O 12. Nc3 Nbd7 13. Nf3 b6 14. Bd2 Bb7 15.
Rac1 Rac8 16. b4 Qb8 17. Be3 Ng4 18. Bg1 b5 19. Nb1 bxc4 20. Rxc4 Rxc4 21. Bxc4
Ngf6 22. Bd3 Nh5 23. Nfd2 Bh6 24. Be3 d5 25. f5 Bxe3 26. Qxe3 Ndf6 27. fxe6
fxe6 28. Qb6 dxe4 29. Bxa6 Bxa6 30. Qxa6 Kg7 31. Qxe6 Re8 32. Qc4 e3 33. Nf3
Re4 34. Qc2 Rxb4 35. Nc3 Nf4 36. Rb1 Ng4 37. Rxb4 Qxb4 38. Ne2 Qb5 39. Qc7+ Kg8
40. Qd8+ 1/2-1/2

[Event "Lazy PERLA BALTYKU"]
[Site "Lazy"]
[Date "2016.07.05"]
[Round "9.5"]
[White "Buraczewski, Rafal"]
[Black "Kocheev, Aleksandr"]
[Result "1-0"]
[WhiteElo "2032"]
[BlackElo "2345"]
[PlyCount "76"]
[EventDate "2016.??.??"]

1. d4 Nf6 2. Nf3 g6 3. c4 Bg7 4. Nc3 d5 5. e3 O-O 6. cxd5 Nxd5 7. Bc4 Nb6 8.
Be2 N8d7 9. e4 e5 10. d5 c6 11. dxc6 bxc6 12. O-O Nc5 13. Be3 Ne6 14. Qc1 Nd4
15. Bh6 Qf6 16. Bxg7 Kxg7 17. Nxd4 exd4 18. Nb1 Bb7 19. a4 Rac8 20. a5 Nd7 21.
a6 Ba8 22. Bg4 Rc7 23. Bxd7 Rxd7 24. Nd2 Qe7 25. Nb3 Rb8 26. Nc5 Rdd8 27. Qc2
Rb5 28. Rac1 Rdb8 29. b3 Ra5 30. Qd2 Qd8 31. Rfd1 d3 32. Qc3+ Kg8 33. Rxd3 Qc7
34. Nd7 Rbb5 35. Nf6+ Kf8 36. b4 Ra2 37. Rcd1 Rb8 38. Nd7+ Ke8 1-0

[Event "Lazy PERLA BALTYKU"]
[Site "Lazy"]
[Date "2016.07.05"]
[Round "9.6"]
[White "Karpus, Michal"]
[Black "Zaleski, Lukasz"]
[Result "1-0"]
[WhiteElo "2179"]
[BlackElo "2080"]
[PlyCount "69"]
[EventDate "2016.??.??"]

1. e4 e6 2. d4 d5 3. Nd2 Nf6 4. e5 Nfd7 5. Bd3 c5 6. c3 Nc6 7. Ne2 cxd4 8. cxd4
f6 9. exf6 Nxf6 10. O-O Bd6 11. Nf3 O-O 12. Nc3 h6 13. h3 a6 14. Be3 Qc7 15.
Rc1 Bd7 16. Re1 Rae8 17. Ne5 Qd8 18. f4 Ne7 19. Bb1 Nf5 20. Bf2 Bb4 21. a3 Bxc3
22. Rxc3 Qa5 23. b4 Qb6 24. g4 Nd6 25. g5 hxg5 26. fxg5 Nfe4 27. Bxe4 Nxe4 28.
Rxe4 Ba4 29. Qxa4 dxe4 30. Nd7 Qd8 31. Nxf8 Qxg5+ 32. Rg3 Qc1+ 33. Kg2 Rxf8 34.
Qb3 Qc6 35. Re3 1-0

[Event "Lazy PERLA BALTYKU"]
[Site "Lazy"]
[Date "2016.07.05"]
[Round "9.7"]
[White "Marczuk, Dominik"]
[Black "Kozak, Antoni"]
[Result "1-0"]
[WhiteElo "2298"]
[BlackElo "1981"]
[PlyCount "99"]
[EventDate "2016.??.??"]

1. Nf3 Nf6 2. g3 c5 3. Bg2 Nc6 4. O-O d5 5. d3 g6 6. Nc3 Bg7 7. a3 O-O 8. Rb1
a5 9. h3 e5 10. Bg5 h6 11. Bxf6 Bxf6 12. e4 d4 13. Nd5 Bg7 14. c4 a4 15. b4
axb3 16. Qxb3 Ne7 17. Nb6 Ra6 18. Nxc8 Nxc8 19. Qxb7 Rxa3 20. Rfd1 Re8 21. Qc6
Bf8 22. Rb8 Ra7 23. h4 Rc7 24. Qb5 Qe7 25. h5 Nd6 26. Rxe8 Nxe8 27. hxg6 fxg6
28. Rb1 Bg7 29. Bh3 Kf7 30. Qb8 Nd6 31. Rb6 Bf6 32. Kg2 Bg7 33. Qa8 Nb7 34.
Be6+ Qxe6 35. Rxe6 Kxe6 36. Qe8+ Re7 37. Qxg6+ Kd7 38. Nh4 Nd6 39. Qg4+ Kc7 40.
Ng6 Rd7 41. Qe6 Nxe4 42. Nxe5 Bxe5 43. Qxe5+ Nd6 44. Qxc5+ Kd8 45. Qxd4 Nf5 46.
Qf6+ Ne7 47. d4 h5 48. d5 Kc7 49. Qe5+ Kd8 50. Qxh5 1-0

[Event "Lazy PERLA BALTYKU"]
[Site "Lazy"]
[Date "2016.07.05"]
[Round "9.8"]
[White "Smieszek, Wojciech"]
[Black "Kyc, Jerzy"]
[Result "1/2-1/2"]
[WhiteElo "2137"]
[BlackElo "2225"]
[PlyCount "69"]
[EventDate "2016.??.??"]

1. e4 c5 2. Nf3 d6 3. d4 cxd4 4. Nxd4 Nf6 5. Nc3 a6 6. Nb3 g6 7. Be2 Bg7 8. g4
h6 9. Be3 b5 10. e5 Nfd7 11. Bf3 Nxe5 12. Bxa8 Bxg4 13. f3 Bh5 14. Qe2 Nbd7 15.
Be4 f5 16. Bd5 e6 17. O-O-O exd5 18. Rhf1 O-O 19. Qd2 Nc4 20. Qxd5+ Kh7 21. Bd4
Nf6 22. Qb7 Qc8 23. Qxc8 Rxc8 24. Rde1 b4 25. Re7 Ne5 26. Ne2 Nd5 27. Rb7 f4
28. Nc5 Rxc5 29. Bxc5 dxc5 30. Ng1 Nc4 31. Rd1 Nce3 32. Rd2 Kg8 33. Rd7 g5 34.
R7xd5 Bd4 35. Ne2 1/2-1/2

[Event "Lazy PERLA BALTYKU"]
[Site "Lazy"]
[Date "2016.07.05"]
[Round "9.9"]
[White "Krainski, Aleksander"]
[Black "Karbowiak, Adam"]
[Result "1/2-1/2"]
[WhiteElo "2141"]
[BlackElo "2128"]
[PlyCount "93"]
[EventDate "2016.??.??"]

1. e4 e6 2. d4 d5 3. Nd2 dxe4 4. Nxe4 Bd7 5. Nf3 Bc6 6. Bd3 Nd7 7. O-O Ngf6 8.
Ng3 Be7 9. Re1 O-O 10. c3 Bd5 11. c4 Bxf3 12. Qxf3 c6 13. Bf4 Re8 14. Rad1 Nf8
15. Bb1 Ng6 16. Bg5 Qa5 17. Bd2 Bb4 18. Re2 Bxd2 19. Rexd2 Rad8 20. Ne4 Nxe4
21. Qxe4 Re7 22. g3 Red7 23. Kg2 Qb4 24. Qc2 b5 25. b3 a5 26. h4 Nf8 27. Qc1 a4
28. Be4 Qd6 29. Qc3 axb3 30. axb3 bxc4 31. bxc4 c5 32. d5 Qe7 33. Bf3 h6 34.
Qe3 exd5 35. Qxe7 Rxe7 36. cxd5 Rd6 37. Ra2 Rc7 38. Ra8 g5 39. hxg5 hxg5 40.
Re1 Kg7 41. Ree8 Nd7 42. Rac8 Rxc8 43. Rxc8 Kf6 44. Kf1 Ke5 45. Ke2 Nb6 46.
Rxc5 Nxd5 47. Bxd5 1/2-1/2